Language Quiz

Random Language or Letter Quiz

Synonyms for Beautiful Quiz Stats

 Plays Quiz not verified by Sporcle

Also try: 10 'Pre' Words
Challenge
Share
Tweet
Embed
Score 0/42 Timer 05:00
0 Plays Today
First Letter Synonym % Correct
LLovely
78.3%
FFetching
65%
WWonderful
51.9%
GGood-looking
48.3%
CCaptivating
38.3%
SSexy
33.3%
AAttractive
31.7%
FFine
31.7%
SStunning
29.6%
HHot
29.2%
GGorgeous
28.3%
RRavishing
27.5%
FFair
25%
AAdorable
24.2%
CCute
22.5%
PPleasing
22.5%
PPretty
21.7%
HHandsome
19.2%
EEnchanting
15%
BBreathtaking
14.2%
NNice
14.2%
First Letter Synonym % Correct
MMarvelous
13.3%
DDazzling
12.5%
EElegant
12.5%
AAppealing
9.2%
CCharming
9.2%
DDashing
9.2%
MMagnificent
9.2%
AAlluring
8.3%
CComely
7.5%
EExquisite
7.5%
SSublime
7.4%
AAdmirable
6.7%
FFoxy
5%
SSplendid
3.7%
TTaking
3.7%
SSuperb
3.7%
BBeauteous
3.3%
HHunky
3.3%
PPulchritudinous
3.3%
RRadiant
3.3%
BBewitching
1.7%

You're not logged in!

Compare scores with friends on all Sporcle quizzes.
Join for Free
OR
Log In

You Might Also Like...

Show Comments

Extras

Created May 19, 2010ReportNominate
Tags:Letter Quiz, beautiful, synonym

Top Quizzes Today


Score Distribution

Your Account Isn't Verified!

In order to create a playlist on Sporcle, you need to verify the email address you used during registration. Go to your Sporcle Settings to finish the process.

Report this User

Report this user for behavior that violates our Community Guidelines.

Details: